[Event "Tourn. n8693"]
[Site "www.chess-mail.com"]
[Date "2016.03.30"]
[Round "1"]
[White "Bojan"]
[Black "0o0o0"]
[WhiteElo "2020"]
[BlackElo "1990"]
[Result "0-1"]
[Round "1"]
1.c4 Ng8f6
2.b4 g6
3.Bc1b2 Bf8g7
4.d3 d6
5.Nb1d2 O-O
6.Qd1c2 Nb8d7
7.Ng1f3 a6
8.Qc2c3 c5
9.a3 b5
10.Nd2e4 bxc4
11.dxc4 Bc8b7
12.g4 Bb7xe4
13.g5 Nf6h5
14.Qc3d2 Nd7e5
15.Bf1g2 Ne5xc4
16.Bb2xg7 Nc4xd2
17.Bg7xf8 Nd2xf3
18.exf3 Be4d3
19.Bf8h6 cxb4
20.axb4 Qd8c7
21.Kd1 Qc7c2
{ resign }
0-1

[Event "Tourn. n8546"]
[Site "www.chess-mail.com"]
[Date "2016.03.30"]
[Round "1"]
[White "Manolinex"]
[Black "Gearoid"]
[WhiteElo "2890"]
[BlackElo "2370"]
[Result "1-0"]
[Round "1"]
1.g3 d5
2.Ng1f3 Ng8f6
3.Bf1g2 c5
4.O-O Nb8c6
5.d4 e6
6.c4 dxc4
7.dxc5 Qd8xd1
8.Rf1xd1 Bf8xc5
9.Nb1d2 c3
10.bxc3 O-O
11.Nd2b3 Bc5e7
12.c4 Bc8d7
13.Bc1b2 Rf8d8
14.Nf3d4 a6
15.Nd4xc6 Bd7xc6
16.Bg2xc6 bxc6
17.Nb3a5 Ra8c8
18.f3 h6
19.Bb2c3 Kh7
20.Rd1xd8 Be7xd8
21.Ra1b1 Kg6
22.Rb1b7 c5
23.e4 Rc8c7
24.Rb7b8 Rc7d7
25.Na5c6 Bd8c7
26.Rb8c8 Kg5
27.Kf2 h5
28.Ke3 Kg6
29.Bc3e5 Bc7b6
30.a4 a5
31.Rc8b8 Bb6c7
32.Rb8h8 Nf6h7
33.Rh8c8 Bc7b6
34.Rc8b8 Bb6c7
35.Rb8b7 { resign }
1-0

[Event "Tourn. n8647"]
[Site "www.chess-mail.com"]
[Date "2016.03.30"]
[Round "1"]
[White "Falcoale"]
[Black "Caspito"]
[WhiteElo "1580"]
[BlackElo "1690"]
[Result "0-1"]
[Round "1"]
1.e4 e5
2.Ng1f3 Nb8c6
3.Bf1c4 Qd8f6
4.d3 Bf8c5
5.O-O d6
6.a3 Bc8g4
7.Nb1d2 Ng8h6
8.h3 Bg4h5
9.b4 Bc5d4
10.Ra1b1 O-O
11.Bc1b2 a6
12.c3 Bd4a7
13.Qd1e1 b5
14.Bc4b3 Qf6g6
15.Bb3d1 Qg6g3
16.d4 Qg3f4
17.Bb2c1 Nc6e7
18.Rb1b2 c6
19.Qe1e3 Qf4f6
20.Bd1c2 c5
21.dxc5 dxc5
22.bxc5 Ne7g6
23.Bc2d1 Ng6f4
24.Nd2b3 Qf6g6
25.g3 Nf4xh3
26.Kg2 Nh6g4
27.Qe3e2 Nh3f4
28.Bc1xf4 exf4
29.Qe2c2 fxg3
30.e5 gxf2
31.Kh3 Ng4e3
32.Qc2xf2 Qg6f5
33.Kh4 Qf5g4
{ resign }
0-1

[Event "Tourn. n8646"]
[Site "www.chess-mail.com"]
[Date "2016.03.30"]
[Round "1"]
[White "Ledzepp"]
[Black "Azulmarino"]
[WhiteElo "1190"]
[BlackElo "1490"]
[Result "1-0"]
[Round "1"]
1.e4 e5
2.Ng1f3 Nb8c6
3.d3 Ng8f6
4.Nb1c3 a6
5.Bf1e2 Bf8c5
6.Nf3g5 h6
7.Ng5f3 O-O
8.O-O d6
9.Nc3a4 Nc6e7
10.Na4xc5 dxc5
11.Nf3xe5 Bc8e6
12.Ne5g4 Nf6xg4
13.Be2xg4 Qd8d7
14.Bg4f3 Ne7g6
15.e5 Ng6xe5
16.Bf3xb7 Ra8a7
17.Bb7f3 Be6g4
18.Bc1f4 Qd7f5
19.Bf3xg4 Qf5xf4
20.Bg4e2 Ra7b7
21.b3 Qf4g5
22.d4 Rf8d8
23.Be2xa6 Rb7b4
24.c3 Rb4b6
25.Ba6e2 Rb6g6
26.g3 Ne5c6
27.Be2d3 Rg6f6
28.Qd1e2 Rf6e6
29.Qe2c2 Qg5g4
30.Bd3h7 Kf8
31.Bh7f5 Qg4g5
32.Bf5xe6 fxe6
33.Ra1e1 cxd4
34.cxd4 Nc6xd4
35.Qc2h7 Nd4f3
36.Kg2 Nf3xe1
37.Rf1xe1 Qg5d5
38.f3 Qd5d2
39.Kf1 Qd2xh2
40.Qh7h8 Ke7
41.Qh8xg7 Kd6
42.Qg7e5 Ke7
43.Qe5xe6 Kf8
44.Qe6e7 Kg8
45.Qe7xd8 Kg7
46.Qd8d7 Kg6
47.Qd7g4 Kf7
48.Qg4f5 Kg7
49.Re1e7 { resign }
1-0

[Event "Tourn. n8694"]
[Site "www.chess-mail.com"]
[Date "2016.03.30"]
[Round "1"]
[White "Genius1"]
[Black "Tevere"]
[WhiteElo "1500"]
[BlackElo "1569"]
[Result "0-1"]
[Round "1"]
1.e4 c5
2.Nb1c3 d6
3.Ng1f3 a6
4.d4 cxd4
5.Nf3xd4 Nb8c6
6.Bc1e3 g6
7.g3 Bf8g7
8.Bf1g2 Ng8f6
9.h3 O-O
10.O-O Qd8c7
11.Nd4xc6 bxc6
12.Qd1e2 a5
13.Qe2d2 Ra8b8
14.Ra1b1 Bc8e6
15.f4 Qc7c8
16.Kh2 c5
17.b3 c4
18.Nc3e2 Rb8b5
19.Ne2d4 Rb5h5
20.Nd4xe6 Qc8xe6
{ resign }
0-1

[Event "Tourn. n8658"]
[Site "www.chess-mail.com"]
[Date "2016.03.30"]
[Round "1"]
[White "Comrade"]
[Black "Tonino1"]
[WhiteElo "2120"]
[BlackElo "2200"]
[Result "1-0"]
[Round "1"]
1.d4 Ng8f6
2.c4 g6
3.Nb1c3 Bf8g7
4.e4 d6
5.Bf1e2 O-O
6.Ng1f3 e5
7.dxe5 dxe5
8.Qd1xd8 Rf8xd8
9.Nf3xe5 Rd8e8
10.f4 c6
11.Be2f3 Nf6xe4
12.Nc3xe4 Bg7xe5
13.fxe5 Re8xe5
14.Bc1f4 Re5e7
15.Ra1d1 Bc8f5
16.Rd1d8 Kg7
17.Rd8xb8 Ra8xb8
18.Bf4xb8 Bf5xe4
19.Bf3xe4 Re7xe4
20.Kf2 Re4xc4
21.Bb8e5 f6
22.Be5c3 b5
23.a3 c5
24.Rh1c1 a5
25.Ke3 b4
26.Bc3xf6  { time }
1-0

[Event "Tourn. n8671"]
[Site "www.chess-mail.com"]
[Date "2016.03.30"]
[Round "1"]
[White "Francesco"]
[Black "Difficult"]
[WhiteElo "2020"]
[BlackElo "1890"]
[Result "1/2-1/2"]
[Round "1"]
1.e4 e6
2.d4 d5
3.exd5 exd5
4.Bf1d3 Nb8c6
5.c3 Ng8f6
6.Bc1f4 Bf8d6
7.Ng1e2 O-O
8.O-O Nc6e7
9.Rf1e1 Bd6xf4
10.Ne2xf4 c6
11.Nb1d2 Ne7f5
12.Qd1c2 Qd8d6
13.Bd3xf5 Qd6xf4
14.Bf5d3 Bc8e6
15.Re1e2 Rf8e8
16.Ra1e1 h6
17.Nd2f3 Qf4c7
18.Nf3e5 Ra8d8
19.h3 Nf6d7
20.Ne5xd7 Be6xd7
{ draw }
1/2-1/2

[Event "Tourn. n8634"]
[Site "www.chess-mail.com"]
[Date "2016.03.30"]
[Round "1"]
[White "Abuelo"]
[Black "Mrfunk"]
[WhiteElo "2200"]
[BlackElo "2130"]
[Result "0-1"]
[Round "1"]
1.e4 c5
2.Bf1c4 Ng8f6
3.Qd1f3 Nb8c6
4.c3 Nc6e5
5.Qf3e2 Ne5xc4
6.Qe2xc4 d5
7.exd5 Qd8xd5
8.Qc4xd5 Nf6xd5
9.Ng1e2 Bc8f5
10.O-O Bf5d3
11.Rf1e1 h5
12.Nb1a3 Rh8h6
13.c4 Rh6e6
14.cxd5 Re6xe2
15.Re1xe2 Bd3xe2
16.Na3c2 Be2d3
17.Nc2e3 g5
18.a4 Ra8c8
19.Ra1a3 c4
20.Ra3c3 Kd7
21.Rc3a3 e6
22.Ra3a1 Rc8e8
23.dxe6 Re8xe6
24.a5 f5
25.Ra1a4 f4
26.b3 fxe3
27.dxe3 cxb3
28.Ra4d4 Re6d6
29.Rd4xd6 Bf8xd6
30.Bc1b2 Ke6
31.Bb2d4 Bd6e5
32.Bd4xa7 b2
{ resign }
0-1

[Event "Tourn. n8610"]
[Site "www.chess-mail.com"]
[Date "2016.03.30"]
[Round "1"]
[White "Mrmoto"]
[Black "Tomcapp"]
[WhiteElo "1590"]
[BlackElo "1550"]
[Result "1-0"]
[Round "1"]
1.e4 e5
2.Ng1f3 Nb8c6
3.Bf1b5 a6
4.Bb5a4 b5
5.Ba4b3 Ng8f6
6.a4 b4
7.d3 Nc6d4
8.Nf3xe5 Nd4xb3
9.cxb3 a5
10.O-O d6
11.Ne5f3 c5
12.Rf1e1 Bc8g4
13.Bc1g5 Bf8e7
14.Nb1d2 Ra8a6
15.Qd1c1 h6
16.Bg5e3 Bg4xf3
17.Nd2xf3 O-O
18.Be3xh6 gxh6
19.Qc1xh6 Nf6h7
20.e5 Qd8d7
21.h3 d5
22.Qh6xa6 d4
23.Qa6xa5 c4
24.bxc4 f6
25.Qa5d5 Qd7xd5
26.cxd5 fxe5
27.Re1xe5 Be7f6
28.Re5e6 b3
29.a5 Nh7g5
30.Nf3xg5 Bf6xg5
31.Re6g6 Kh7
32.Rg6xg5 Kh6
33.h4 Rf8f4
34.a6 Rf4f7
35.a7 Rf7f8
36.a8Q Rf8xa8
37.Ra1xa8 Kh7
38.Rg5g8 Kh6
39.Rg8h8 Kg7
40.Ra8f8 Kg6
41.d6 { resign }
1-0

[Event "Tourn. n8649"]
[Site "www.chess-mail.com"]
[Date "2016.03.30"]
[Round "1"]
[White "Tonino1"]
[Black "Comrade"]
[WhiteElo "2200"]
[BlackElo "2130"]
[Result "0-1"]
[Round "1"]
1.d4 d5
2.Ng1f3 Ng8f6
3.e3 Bc8g4
4.Bf1d3 e6
5.b3 Nf6e4
6.Bc1b2 Bf8d6
7.O-O O-O
8.h3 Bg4xf3
9.Qd1xf3 f5
10.Qf3e2 Qd8g5
11.Nb1d2 Rf8f6
12.Nd2f3 Qg5h6
13.Nf3e5 Nb8c6
14.Ne5xc6 bxc6
15.c4 Rf6g6
16.Bd3xe4 fxe4
17.Kh1 Ra8f8
18.c5 Bd6e7
19.f3 Rg6g3
20.Kh2 Be7h4
21.f4 Rf8f5
22.Bb2c3 g5
23.Bc3e1 gxf4
24.exf4 Rg3g7
25.g3 Bh4d8
26.Be1d2 Rf5h5
27.Qe2g2 Bd8h4
28.g4 Bh4f6
29.Bd2e3 Rh5h4
30.g5 Qh6h5
31.Rf1g1 Rg7g6
32.Ra1f1 h6
33.Rf1f2 hxg5
34.fxg5 Bf6g7
35.Rf2f1 e5
36.Be3f2 Rg6xg5
37.Qg2xg5 Rh4xh3
38.Kg2 Qh5f3

0-1

[Event "Tourn. n8688"]
[Site "www.chess-mail.com"]
[Date "2016.03.30"]
[Round "1"]
[White "Chessexpert"]
[Black "Daquata"]
[WhiteElo "1400"]
[BlackElo "1670"]
[Result "1-0"]
[Round "1"]
1.e4 e5
2.Nb1c3 Ng8f6
3.f4 d6
4.Ng1f3 Nb8c6
5.Bf1b5 Bc8g4
6.Bb5xc6 bxc6
7.O-O Bf8e7
8.d3 O-O
9.fxe5 dxe5
10.Bc1e3 c5
11.h3 Bg4h5
12.Qd1e1 Bh5g6
13.Nc3e2 Ra8b8
14.b3 Be7d6
15.Qe1f2 Qd8e7
16.Ne2g3 a5
17.Nf3d2 Nf6d7
18.Ng3f5 Bg6xf5
19.Qf2xf5 Nd7f6
20.Be3g5 { resign }
1-0

[Event "Tourn. n8707"]
[Site "www.chess-mail.com"]
[Date "2016.03.30"]
[Round "1"]
[White "Julian"]
[Black "Prize64"]
[WhiteElo "2090"]
[BlackElo "2200"]
[Result "1-0"]
[Round "1"]
1.e4 c5
2.Ng1f3 Nb8c6
3.c3 d5
4.exd5 Qd8xd5
5.d4 Ng8f6
6.c4 Qd5e4
7.Bf1e2 Nc6xd4
8.Nb1c3 Nd4xf3
9.gxf3 Qe4g6
10.Nc3b5 { resign }
1-0

[Event "Tourn. n8664"]
[Site "www.chess-mail.com"]
[Date "2016.03.30"]
[Round "1"]
[White "Nugun"]
[Black "Ditto"]
[WhiteElo "1750"]
[BlackElo "1620"]
[Result "1-0"]
[Round "1"]
1.c4 e5
2.Nb1c3 Bf8b4
3.Ng1f3 Nb8c6
4.e3 d6
5.Bf1d3 Bc8g4
6.a3 Bb4c5
7.Bd3e4 Ng8e7
8.O-O a6
9.d4 exd4
10.b4 Bc5b6
11.Be4xc6 Ne7xc6
12.Nc3d5 dxe3
13.Bc1xe3 Bb6xe3
14.fxe3 O-O
15.Qd1d2 Rf8e8
16.Qd2f2 Re8e4
17.Ra1c1 Nc6e5
18.Nf3g5 Qd8xg5
19.Nd5c3 Ne5d3
20.Qf2xf7 Kh8
21.Qf7f8 Ra8xf8
22.Rf1xf8 
1-0

[Event "Tourn. n8458"]
[Site "www.chess-mail.com"]
[Date "2016.03.30"]
[Round "1"]
[White "Ditto"]
[Black "Pablincho"]
[WhiteElo "1810"]
[BlackElo "1880"]
[Result "0-1"]
[Round "1"]
1.e4 e6
2.Bf1b5 a6
3.Bb5a4 Ng8f6
4.Nb1c3 Nb8c6
5.d4 b5
6.Ba4b3 Bf8b4
7.Ng1e2 Nf6xe4
8.O-O d5
9.Nc3xe4 dxe4
10.Ne2f4 Nc6xd4
11.Qd1g4 g6
12.Bc1e3 Nd4xb3
13.axb3 e5
14.Qg4g3 exf4
15.Be3xf4 Bb4d6
16.Bf4xd6 Qd8xd6
17.Qg3c3 O-O
18.Ra1d1 Qd6b6
19.Rd1d4 Bc8b7
20.Rd4d7 Ra8c8
21.Qc3g3 Rc8e8
22.Rd7xc7 f5
23.Rc7d7 f4
24.Qg3h3 Rf8f7
25.Rd7d1 Rf7f5
26.b4 Rf5g5
27.Rd1d7 Rg5h5
28.Qh3b3 Re8e6
29.Qb3c3 Re6f6
30.Rf1d1 Rh5f5
31.Rd7d8 Kg7
32.Qc3b3 Rf6f7
33.Qb3c3 Kh6
34.Qc3h3 Rf5h5
35.Qh3g4 Rf7f5
36.Qg4e2 Bb7d5
37.Rd8c8 e3
38.fxe3 fxe3
39.g4 Rf5f2
40.Qe2d3 Rf2g2
41.Kf1 e2
42.Ke1 Qb6g1
43.Kd2 Qg1xd1
44.Kc3 e1Q
{ resign }
0-1

[Event "Tourn. n8678"]
[Site "www.chess-mail.com"]
[Date "2016.03.30"]
[Round "1"]
[White "Osopanda"]
[Black "Falcoale"]
[WhiteElo "2030"]
[BlackElo "1820"]
[Result "1-0"]
[Round "1"]
1.d4 Ng8f6
2.c4 e6
3.Nb1c3 d5
4.Bc1g5 Bf8e7
5.cxd5 h6
6.Bg5h4 exd5
7.Ng1f3 O-O
8.e3 Nb8d7
9.Bf1d3 c6
10.O-O a6
11.Nf3e5 Nd7xe5
12.dxe5 Nf6d7
{ time. }
1-0

[Event "Match"]
[Site "www.echecsemail.com"]
[Date "2016.03.30"]
[Round "1"]
[White "Delacey"]
[Black "Andregor"]
[WhiteElo "1970"]
[BlackElo "2610"]
[Result "0-1"]
[Round "1"]
1.e4 e6
2.d4 d5
3.e5 c5
4.Ng1f3 cxd4
5.Nf3xd4 Ng8e7
6.Bc1g5 Qd8c7
7.f4 Ne7g6
8.Bf1b5 Nb8c6
9.O-O h6
10.Bb5xc6 bxc6
11.Bg5d8 Qc7xd8
12.Nd4xc6 Qd8b6
13.Nc6d4 Bf8c5
14.c3 Qb6xb2
15.Nb1d2 Bc5xd4
16.cxd4 Qb2xd4
17.Kh1 Bc8a6
18.Rf1f3 Ng6xf4
19.Qd1c1 Ra8c8
20.Qc1e1 Nf4d3
21.Rf3xd3 Qd4xd3
22.Nd2b3 Qd3e4
23.Qe1a5 Rc8c2
24.Ra1g1 Ba6f1
{ resign }
0-1

[Event "Match"]
[Site "www.echecsemail.com"]
[Date "2016.03.30"]
[Round "1"]
[White "Vinvangogh"]
[Black "Hundegana"]
[WhiteElo "1480"]
[BlackElo "1950"]
[Result "0-1"]
[Round "1"]
1.e4 c5
2.Bf1c4 e6
3.Ng1f3 g6
4.d4 a6
5.d5 d6
6.O-O Bf8g7
7.e5 dxe5
8.d6 Bc8d7
9.Bc1g5 f6
10.Bg5h4 Nb8c6
11.Nb1c3 b5
12.Bc4d3 Ra8b8
13.Nc3e4 Qd8b6
14.c4 bxc4
15.Bd3xc4 { time. }
0-1

[Event "Match"]
[Site "www.echecsemail.com"]
[Date "2016.03.30"]
[Round "1"]
[White "Bjornhn"]
[Black "Tomcapp"]
[WhiteElo "1699"]
[BlackElo "1570"]
[Result "0-1"]
[Round "1"]
1.d4 d5
2.Ng1f3 Bc8g4
3.Nb1c3 e6
4.Bc1f4 Ng8f6
5.a3 Nb8c6
6.e3 Bf8d6
7.Bf4g3 Bd6xg3
8.hxg3 Qd8d6
9.Bf1e2 Nf6e4
10.Nc3xe4 dxe4
 { time }
0-1

[Event "Match"]
[Site "www.echecsemail.com"]
[Date "2016.03.30"]
[Round "1"]
[White "Vitoriccardo"]
[Black "Elogic"]
[WhiteElo "1930"]
[BlackElo "1800"]
[Result "1-0"]
[Round "1"]
1.e4 g6
2.d4 e6
3.Nb1c3 b6
4.Ng1f3 Bc8b7
5.Bf1c4 Bf8g7
6.Bc1e3 Ng8e7
7.Qd1d2 d5
8.exd5 exd5
9.Bc4d3 O-O
10.Be3h6 Rf8e8
11.O-O-O Bg7xh6
12.Qd2xh6 f6
13.h4 Bb7c8
14.h5 Ne7f5
15.Bd3xf5 gxf5
16.Nf3h4 Qd8e7
17.Nc3xd5 Qe7e4
18.Nd5xf6 { resign }
1-0

[Event "Match"]
[Site "www.echecsemail.com"]
[Date "2016.03.30"]
[Round "1"]
[White "Chapi"]
[Black "Elogic"]
[WhiteElo "2100"]
[BlackElo "1810"]
[Result "1/2-1/2"]
[Round "1"]
1.d4 e6
2.c4 c5
3.d5 exd5
4.cxd5 g6
5.e4 Bf8g7
6.Ng1f3 Qd8b6
7.Qd1c2 Ng8f6
8.Nb1c3 d6
9.Bf1b5 Bc8d7
10.Qc2a4 O-O
11.O-O a6
12.Bb5xd7 Nb8xd7
13.Nf3d2 Qb6d8
14.Nd2c4 b5
15.Nc3xb5 axb5
16.Qa4xb5 Nf6xe4
17.Bc1f4 Ra8b8
18.Qb5a4 Rb8b4
19.Qa4c2 Nd7f6
20.f3 Nf6xd5
21.fxe4 Nd5xf4
22.Rf1xf4 d5
23.a3 Rb4xc4
24.Qc2e2 dxe4
25.Qe2xc4 Bg7xb2
26.Ra1a2 Qd8d1
27.Rf4f1 Bb2d4
28.Kh1 Qd1g4
29.Qc4e2 Qg4h4
30.a4 Bd4e5
31.g3 Be5xg3
32.a5 Bg3c7
33.a6 Bc7b6
34.Rf1b1 Bb6a7
35.Rb1b7 Rf8a8
36.Qe2f1 Qh4h6
37.Qf1xf7 Kh8
38.Rb7xa7 Ra8xa7
39.Qf7xa7 Qh6c1
40.Kg2 Qc1g5
41.Kf1 Qg5c1
42.Ke2 Qc1c4
43.Ke3 Qc4xa2
44.Qa7b8 Kg7
45.a7 Qa2a3
46.Kxe4 Qa3a4
47.Ke5 Qa4d4
48.Ke6 Qd4f6
49.Kd7 Qf6f5
50.Kc6 Qf5e4
51.Kb6 { draw }
1/2-1/2

[Event "Match"]
[Site "www.echecsemail.com"]
[Date "2016.03.30"]
[Round "1"]
[White "Paco"]
[Black "Bjornhn"]
[WhiteElo "1850"]
[BlackElo "1699"]
[Result "1-0"]
[Round "1"]
1.e4 d5
2.e5 c5
3.Bf1b5 Bc8d7
4.Qd1e2 Nb8c6
5.Nb1c3 e6
6.Ng1f3 Nc6b4
7.Bb5xd7 Qd8xd7
8.Qe2d1 Ng8h6
9.a3  { time }
1-0

[Event "Match"]
[Site "www.echecsemail.com"]
[Date "2016.03.30"]
[Round "1"]
[White "Mars91"]
[Black "Gimmyg"]
[WhiteElo "1789"]
[BlackElo "2540"]
[Result "0-1"]
[Round "1"]
1.d4 Ng8f6
2.c4 g6
3.g3 d6
4.Bf1g2 Bf8g7
5.Nb1c3 c6
6.e4 Nb8a6
7.Ng1e2 c5
8.d5 O-O
9.O-O Nf6d7
10.Bc1e3 Na6c7
11.Qd1d2 Nd7e5
12.b3 Ra8b8
13.a4 Ne5g4
14.Ra1d1 Ng4xe3
15.Qd2xe3 Nc7a6
16.f4 Qd8b6
17.Rd1b1 Bg7d4
{ resign }
0-1

[Event "Match"]
[Site "www.echecsemail.com"]
[Date "2016.03.30"]
[Round "1"]
[White "Genius9"]
[Black "Jackbauer"]
[WhiteElo "1770"]
[BlackElo "1900"]
[Result "1/2-1/2"]
[Round "1"]
1.d4 d5
2.c4 e5
3.dxe5 d4
4.Ng1f3 c5
5.e3 Nb8c6
6.exd4 cxd4
7.a3 Bc8g4
8.Bf1e2 h6
9.O-O Bf8c5
10.b4 Bc5f8
11.b5 Bg4xf3
12.Be2xf3 Nc6a5
13.Nb1d2 Ng8e7
14.c5 Ne7d5
15.Nd2e4 Nd5c3
16.Ne4xc3 dxc3
17.Qd1c2 Bf8xc5
18.Bc1f4 Qd8d4
19.Bf4g3 O-O
20.Ra1d1 Qd4c4
21.Bf3e2 Qc4e6
22.Qc2xc3 b6
23.Be2f3 Ra8d8
24.Qc3b2 Na5c4
{ draw }
1/2-1/2

[Event "Match"]
[Site "www.echecsemail.com"]
[Date "2016.03.30"]
[Round "1"]
[White "Vitoriccardo"]
[Black "Add"]
[WhiteElo "1920"]
[BlackElo "2060"]
[Result "1-0"]
[Round "1"]
1.e4 d5
2.exd5 Qd8xd5
3.Nb1c3 Qd5e5
4.Bf1e2 c6
5.Ng1f3 Qe5a5
6.d4 h6
7.Bc1f4 e6
8.O-O Ng8f6
9.Nf3e5 Nb8d7
10.Ne5c4 Qa5d8
11.Nc4d6 Bf8xd6
12.Bf4xd6 Nd7b6
13.Bd6f4 O-O
14.Be2f3 Nf6d5
15.Nc3e2 Nd5xf4
16.Ne2xf4 Nb6d5
17.Nf4e2 a6
18.c4 Nd5f6
19.Ne2c3 Qd8b6
20.Nc3a4 Qb6c7
21.Ra1c1 Rf8d8
22.Na4c3 Ra8b8
23.d5 cxd5
24.cxd5 Qc7a5
25.Qd1b3 b5
26.dxe6 Bc8xe6
27.Qb3c2 Rb8c8
28.a3 b4
29.axb4 Qa5xb4
30.Qc2a4 Qb4xb2
31.Qa4a5 Rd8d2
32.Nc3b1 Rc8xc1
33.Nb1xd2 Rc1xf1
34.Nd2xf1 Qb2c1
35.Qa5xa6 Be6c4
36.Qa6c8 Kh7
37.Bf3e2 { resign }
1-0

[Event "1/128 Finale"]
[Site "www.chess-mail.com"]
[Date "2016.03.30"]
[Round "1"]
[White "Ssharp"]
[Black "Vinvangogh"]
[WhiteElo "2230"]
[BlackElo "1490"]
[Result "1-0"]
[Round "1"]
1.e4 e5
2.f4 exf4
3.Ng1f3 Nb8c6
4.d4 d5
5.e5 Bc8f5
6.Bc1xf4 Bf8b4
7.c3 Bb4e7
8.Bf1b5 Qd8d7
9.Nb1d2 O-O-O
10.O-O f6
11.b4 g5
12.exf6 Ng8xf6
13.Bf4xg5 Rh8g8
14.Nf3e5 Qd7d6
15.Rf1xf5 Nc6xe5
16.Rf5xe5 Rg8xg5
17.Re5xg5 Nf6e4
{ time. }
1-0

[Event "1/128 Finale"]
[Site "www.chess-mail.com"]
[Date "2016.03.30"]
[Round "1"]
[White "Raven16"]
[Black "Drawmaster"]
[WhiteElo "2170"]
[BlackElo "1670"]
[Result "1-0"]
[Round "1"]
1.e4 e6
2.d4 d5
3.Nb1c3 Bf8b4
4.e5 c5
5.Qd1g4 g6
6.a3 Bb4xc3
7.bxc3 Qd8a5
8.Bc1d2 c4
9.Ng1f3 Nb8c6
10.Bf1e2 Bc8d7
11.O-O Qa5c7
12.Bd2g5 Ng8e7
13.Bg5f6 Rh8g8
14.Nf3g5 h5
15.Qg4f4 Ne7f5
16.h3 Bd7c8
17.g4 hxg4
18.hxg4 Nf5e7
19.Kg2 Nc6d8
20.Rf1h1 a6
21.Rh1h7 Rg8f8
22.Bf6g7 Rf8g8
23.Qf4f6 Ne7c6
24.Ra1h1 b5
25.Rh7h8 { resign }
1-0

[Event "Tourn. n8596"]
[Site "www.chess-mail.com"]
[Date "2016.03.31"]
[Round "1"]
[White "Cathar"]
[Black "Tartan"]
[WhiteElo "2280"]
[BlackElo "2380"]
[Result "1-0"]
[Round "1"]
1.e4 e5
2.Ng1f3 Nb8c6
3.Bf1b5 a6
4.Bb5a4 Ng8f6
5.O-O Bf8e7
6.Rf1e1 b5
7.Ba4b3 O-O
8.c3 d6
9.h3 Nc6a5
10.Bb3c2 c5
11.d4 Qd8c7
12.Nb1d2 Na5c6
13.d5 Nc6d8
14.a4 Ra8b8
15.axb5 axb5
16.b4 c4
17.Nd2f1 Nf6e8
18.Nf1g3 g6
19.Nf3h2 Ne8g7
20.Nh2g4 h5
21.Ng4h6 Kh8
22.f4 h4
23.Ng3f5 gxf5
24.exf5 Rb8b6
25.Qd1f3 f6
26.fxe5 dxe5
27.Re1e4 Nd8f7
28.Re4xh4 Nf7g5
29.Qf3g3 Rb6d6
30.Bc1e3 Rd6xd5
31.Ra1a7 Bc8b7
32.Bc2e4 Qc7d7
33.Nh6f7 Kg8
34.Nf7xg5 { resign }
1-0

[Event "Tourn. n8584"]
[Site "www.chess-mail.com"]
[Date "2016.03.31"]
[Round "1"]
[White "Orhany24"]
[Black "Scasan55"]
[WhiteElo "2080"]
[BlackElo "2120"]
[Result "1/2-1/2"]
[Round "1"]
1.e4 c5
2.Ng1f3 d6
3.d4 cxd4
4.Nf3xd4 Ng8f6
5.Bf1d3 a6
6.c4 Nb8c6
7.Nd4xc6 bxc6
8.Nb1c3 e6
9.O-O Bf8e7
10.h3 O-O
11.Bc1e3 Bc8b7
12.Qd1e2 Nf6d7
13.f4 c5
14.b3 Be7f6
15.Ra1c1 Bf6xc3
16.Rc1xc3 Nd7f6
17.Be3d2 a5
18.Rc3c1 a4
19.Rc1a1 axb3
20.axb3 Ra8xa1
21.Rf1xa1 Qd8c7
22.g4 Rf8b8
23.Bd3c2 Bb7c6
24.Bd2c3 Qc7b7
25.Bc3xf6 gxf6
26.Kf2 f5
27.gxf5 Qb7e7
28.Ra1g1 Kh8
29.Qe2g4 Qe7f6
30.fxe6 Qf6d4
31.Kf3 Qd4c3
32.Kf2 Qc3xc2
33.Kf1 Qc2c1
34.Kf2 Qc1b2
35.Kf1 Bc6xe4
36.exf7 Be4d3
37.Ke1 Qb2b1
38.Kf2 Qb1c2
{ draw }
1/2-1/2

[Event "Tourn. n8621"]
[Site "www.chess-mail.com"]
[Date "2016.03.31"]
[Round "1"]
[White "Tartan"]
[Black "Cathar"]
[WhiteElo "2400"]
[BlackElo "2350"]
[Result "0-1"]
[Round "1"]
1.e4 e5
2.Ng1f3 Nb8c6
3.Bf1b5 a6
4.Bb5a4 Ng8f6
5.O-O Bf8e7
6.Rf1e1 b5
7.Ba4b3 d6
8.c3 O-O
9.h3 Nc6b8
10.d4 Nb8d7
11.Nb1d2 Bc8b7
12.Bb3c2 Rf8e8
13.Nd2f1 Be7f8
14.Nf1g3 g6
15.a4 c5
16.d5 c4
17.Bc1g5 Nd7c5
18.Qd1d2 Bf8e7
19.Bg5h6 Nf6d7
20.Nf3h2 Nc5xa4
21.Bc2xa4 bxa4
22.Ra1xa4 a5
23.Bh6e3 Bb7a6
24.Nh2g4 Be7f8
25.Ra4a3 Ba6b5
26.Ng4h6 Bf8xh6
27.Be3xh6 Nd7c5
28.Bh6e3 Nc5d3
29.Ng3e2 Nd3xe1
{ resign }
0-1

[Event "Tourn. n8668"]
[Site "www.chess-mail.com"]
[Date "2016.03.31"]
[Round "1"]
[White "Piekki"]
[Black "Faerieking"]
[WhiteElo "2020"]
[BlackElo "2160"]
[Result "1-0"]
[Round "1"]
1.e4 e5
2.Ng1f3 Nb8c6
3.Bf1b5 Bf8c5
4.d3 f5
5.Bc1g5 Ng8f6
6.Nb1c3 a6
7.Bb5a4 O-O
8.Ba4b3 Kh8
9.a3 h6
10.Bg5xf6 Qd8xf6
11.Nc3d5 Qf6d8
12.Qd1e2 Nc6d4
13.Nf3xd4 Bc5xd4
14.c3 Bd4c5
15.O-O fxe4
16.Qe2xe4 c6
17.Nd5e3 d6
18.d4 Rf8f4
19.Qe4g6 exd4
20.cxd4 Rf4xd4
21.Bb3c2 Qd8g8
22.Ra1e1 Rd4f4
23.Ne3f5 Bc8xf5
24.Bc2xf5 Ra8f8
25.g4 d5
26.b4 Bc5b6
27.Re1e7 { resign }
1-0

[Event "Tourn. n8617"]
[Site "www.chess-mail.com"]
[Date "2016.03.31"]
[Round "1"]
[White "Jose"]
[Black "Nimzo"]
[WhiteElo "2720"]
[BlackElo "2790"]
[Result "1/2-1/2"]
[Round "1"]
1.d4 Ng8f6
2.c4 e6
3.g3 d5
4.Bf1g2 Bf8b4
5.Bc1d2 Bb4e7
6.Ng1f3 O-O
7.O-O c6
8.Qd1c2 Nb8d7
9.Rf1d1 b6
10.Bd2f4 Bc8b7
11.Nf3e5 Nf6h5
12.Bf4d2 Nh5f6
13.cxd5 cxd5
14.Ne5c6 Bb7xc6
15.Qc2xc6 Ra8c8
16.Qc6b5 Nf6e8
17.Qb5d3 Ne8d6
18.Nb1c3 Nd7f6
19.b3 Qd8d7
20.f3 Nd6f5
21.e3 Rf8d8
22.Nc3e2 a5
23.a4 Be7d6
24.Rd1c1 Nf5e7
25.Bg2f1 Qd7b7
26.Ne2c3 Bd6b4
27.Nc3a2 Bb4xd2
28.Qd3xd2 Nf6e8
29.Bf1d3 Ne8d6
30.Rc1c3 Rc8xc3
31.Na2xc3 Rd8c8
32.Nc3b5 { draw }
1/2-1/2

[Event "Tourn. n8671"]
[Site "www.chess-mail.com"]
[Date "2016.03.31"]
[Round "1"]
[White "Wegaman"]
[Black "Difficult"]
[WhiteElo "1950"]
[BlackElo "1890"]
[Result "1/2-1/2"]
[Round "1"]
1.d4 f5
2.c4 Ng8f6
3.Nb1c3 e6
4.Bc1g5 Bf8b4
5.e3 O-O
6.Qd1c2 b6
7.Ng1f3 Bc8b7
8.Bf1e2 Bb4xc3
9.bxc3 d6
10.O-O Qd8e8
11.Ra1d1 Nb8d7
12.h3 Nf6e4
13.Bg5h4 Qe8g6
14.d5 e5
15.a4 Nd7c5
16.Bh4g3 Ne4xg3
17.fxg3 Qg6xg3
18.Kh1 Nc5e4
19.Be2d3 a5
{ draw }
1/2-1/2

[Event "Tourn. n8616"]
[Site "www.chess-mail.com"]
[Date "2016.03.31"]
[Round "1"]
[White "Passaroa25"]
[Black "Azulmarino"]
[WhiteElo "1550"]
[BlackElo "1510"]
[Result "1-0"]
[Round "1"]
1.e4 e5
2.Ng1e2 Ng8f6
3.Ne2g3 Bf8c5
4.Ng3f5 d6
5.f3 Bc8xf5
6.exf5 Nb8c6
7.d3 Bc5d4
8.Nb1d2 O-O
9.Nd2b3 Rf8e8
10.Nb3xd4 exd4
11.Bf1e2 Nf6h5
12.O-O Nc6e5
13.g4 Nh5f6
14.Bc1g5 h6
15.Bg5h4 Qd8d7
16.Bh4f2 Qd7c6
17.b3 h5
18.Bf2xd4 hxg4
19.fxg4 Nf6e4
20.Bd4xe5 Ne4g3
21.Be5xg3 Re8e7
22.Be2f3 Qc6c5
23.Bg3f2 Qc5b5
24.Kg2 f6
25.c4 Qb5d7
26.d4 c6
27.d5 c5
28.h4 Qd7e8
29.h5 Kf7
30.Ra1b1 Qe8h8
31.Bf2g3 Re7d7
32.Rb1b2 Ra8e8
33.Rb2e2 Qh8h6
34.Rf1e1 Re8xe2
35.Re1xe2 b6
36.Qd1h1 a5
37.Qh1h2 Qh6c1
38.Bg3f4 a4
39.Bf4xc1 { resign }
1-0

[Event "Tourn. n8654"]
[Site "www.chess-mail.com"]
[Date "2016.03.31"]
[Round "1"]
[White "Sorren"]
[Black "Falcoale"]
[WhiteElo "1790"]
[BlackElo "1710"]
[Result "1-0"]
[Round "1"]
1.e4 c5
2.Ng1f3 Nb8c6
3.d4 cxd4
4.Nf3xd4 e5
5.Nd4b5 a6
6.Nb5d6 Bf8xd6
7.Qd1xd6 Qd8e7
8.Qd6xe7 Ng8xe7
9.Nb1c3 O-O
10.Bc1g5 f6
11.Bg5e3 f5
12.exf5 Ne7xf5
13.Be3c5 Rf8f7
14.Bf1c4 Nc6d4
15.Bc4xf7 Kxf7
16.Bc5xd4 Nf5xd4
17.O-O-O b5
18.f4 Nd4f5
19.fxe5 Bc8b7
20.Rh1f1 g6
21.g4 Ke6
22.gxf5 gxf5
23.Rf1e1 b4
24.Rd1d6 Ke7
25.Nc3d5 Bb7xd5
26.Rd6xd5 a5
27.Rd5d6 { resign }
1-0

[Event "Tourn. n8653"]
[Site "www.chess-mail.com"]
[Date "2016.03.31"]
[Round "1"]
[White "Rons"]
[Black "Aperturaf"]
[WhiteElo "2570"]
[BlackElo "2500"]
[Result "1-0"]
[Round "1"]
1.e4 e6
2.d4 d5
3.Nb1c3 Ng8f6
4.Bc1g5 dxe4
5.Nc3xe4 Bf8e7
6.Bg5xf6 Be7xf6
7.Ng1f3 O-O
8.Qd1d2 b6
9.O-O-O Bc8b7
10.Qd2f4 Bf6e7
11.h4 Nb8d7
12.Bf1d3 Nd7f6
13.Ne4g5 Nf6d5
14.Bd3xh7 Kh8
15.Ng5xf7 Rf8xf7
16.Qf4xf7 Qd8f8
17.Qf7xf8 Ra8xf8
18.Bh7e4  { time }
1-0